00388nam a2200145Ia 4500008004100000020001500041041000800056082001700064100001800081245009400099250000600193260002200199300001200221650000900233210716s2003 xx 000 0 und d a1550225979 aeng a658.409 SIND aSingh, David. aHealth wealth and happiness: you can control your destiny.bYou can control your destiny. a1 aCanadabECWc2003 axiv,248 aNone